|
|
|
|
| LEADER |
00000nab a2200000 ar4500 |
| 001 |
vtls009488464 |
| 003 |
SK-MaSNL |
| 005 |
20260304034511.0 |
| 008 |
090331c2009 xo wr|p|||||||000 b|slo |
| 038 |
|
|
|a PPPK
|
| 040 |
|
|
|a PPPKCL
|b slo
|c PPPKCL
|e AACR2
|
| 041 |
0 |
|
|a slo
|
| 044 |
|
|
|a xo
|c SK
|
| 080 |
|
|
|a 711.438
|x (437.671)
|2 2001
|
| 080 |
|
|
|a 325
|x "15/16"
|x (437.671)
|2 2001
|
| 080 |
|
|
|a 82-4
|2 2001
|
| 100 |
1 |
|
|a Marec, Anton,
|d 1953-2021
|4 aut
|9 112978
|
| 245 |
1 |
0 |
|a Marec [2009]
|b kalendár Antona Mareca
|c Anton Marec
|
| 600 |
1 |
7 |
|a Lužinský, František
|2 pppkcl
|9 1317387
|
| 648 |
|
7 |
|a 16.-17. stor., začiatok
|2 pppkcl
|9 460117
|
| 650 |
0 |
7 |
|a obce
|2 pppkcl
|9 2935
|
| 650 |
0 |
7 |
|a dejiny miest
|2 pppkcl
|9 164833
|
| 651 |
|
7 |
|a Spiš (Slovensko : región)
|2 snkbucl
|9 17692
|
| 651 |
|
7 |
|a Ždiar (Slovensko)
|2 pppkcl
|9 54540
|
| 651 |
|
7 |
|a Poprad (Slovensko : okres)
|2 pppkcl
|9 28675
|
| 655 |
|
7 |
|a eseje
|2 pppkcl
|9 57030
|
| 773 |
0 |
|
|t Podtatranské noviny
|g Roč. IIL, č. 10 (2009), s. 5
|
| 852 |
|
|
|a PPPK
|b KIS3GCP
|
| 999 |
|
|
|c 2653413
|d 2655343
|